00601nam a2200169Ia 4500003000400000008004100004040001600045082001800061100003100079245007200110300001100182490005500193650002800248650003600276650005600312650006300368GCL140319s9999 xx 000 0 ara d aGCL / cGCL04a341.72bغ ا1 aغازى صالح نهار10aالامن القومى العربى / cغازى صالح نهار a134 ص aدراسات فى الشئون الدوليةv004aالامن القومى04aالسياسة العسكرية04aالعالم العربى - الامن القومى04aالعالم العربى - السياسةالعسكرية